000 00252nam a2200109Ia 4500
008 200302s9999 xx 000 0 und d
100 _aPhilip Drew
245 _aTensile Architecture
260 _bGranada Publishing Ltd.
260 _c1979
300 _a237 P.,
999 _c61
_d61